Statistiques concernant Couples MCU

Cliquez ici pour prendre le quiz!

Statistiques générales

  • Ce quiz a été pris 64 fois
  • Le résultat moyen est 12 sur 20

Statistiques - réponses

HintRéponse% Correct
1Pepperony - Stark & Pepper
98%
4Steve & Sharon
97%
2Hulk & Natasha
93%
16Peter & MJ
90%
11Thor & Jane
86%
9Clint & Laura
84%
12Wanda & Vision
84%
14Gamora & Quill
81%
20Banner & Betty
72%
13Scope - Hope & Scott
64%
10Sylki - Loki & Sylvie
64%
3Steve & Peggy
62%
15Dr Strange & Christine
55%
19T’challa & Nakia
43%
7Sky / Daisy & Ward
19%
5Philinda - Coulson & May
17%
18May & Happy
16%
6Coulsalind - Coulson & Rosalind
12%
17Sersi & Ikaris
12%
8Daisy & Lincoln
9%

Distribution des résultats

Percentile par nombre de réponses

% des personnes avec chaque résultat

Votre développement - résultats

Vous n’avez pas pris ce quiz